000 01060nam a22002777a 4500
003 DO-SdBNP
005 20221104114250.0
007 ta
008 110301s2018 dr bd 000 0 spa d
020 _a9789945919608
040 _aDO-SdBNP
_bspa
_cBNPHU
082 4 _axxxx
_bC352c
100 _aCastillo Espino, Rosa,
_943031
_d1985-
245 1 0 _aCartografía & diagnóstico :
_bgalerías de arte del Distrito Nacional 2018 /
_cRosa Castillo Espino ; textos María Elena Ditrén, Abil Peralta Aguero ; diseño de mapas Wagner Castillo ; estadísticas Elvio Guerrero
260 _a[Santo Domingo] :
_b[s.d.],
_c[2018].
300 _a153 p. :
_bmap., graf.
_c23 cm.
500 _aIncluye datos biográficos del autor en la solapa de la contraportada.
504 _aBibliografía p: 142-150
590 _aInventariado, 2022/ YL
700 1 2 _aDitrén, María Elena
_etex.
700 1 2 _aPeralta Aguero, Abil
_etex.
_926618
700 1 2 _aCastillo, Wagner
_edis.
_982710
700 1 2 _aGuerrero, Elvio
_eest.
_982711
910 _aYLockward
942 _2ddc
_cLBS1
999 _c52793
_d52793